00350 a2200133 450000100060000002000270000604000220003310000190005524000530007424500480012730000080017536200090018365000240019263824 a9788565859516 (broch.) cAnchieta - Pituba aMarriott, Emma10aA história do mundo para quem tem pressa lpor10aA história do mundo para quem tem pressa  a1990 a2015 4aHistória do mundo